| 000 | 00320cam a22001217a 4500 | ||
|---|---|---|---|
| 008 | 180718b1987 xxu||||| |||| 00| 0 eng d | ||
| 082 | _aO91x54 P885e | ||
| 245 |
_aEcology of urban India _cedited by Pramod Singh |
||
| 260 |
_aDelhi _bAshish _c1987 |
||
| 300 | _a221p. | ||
| 650 | _aEcology - India | ||
| 700 | _aPramod Singh | ||
| 999 |
_c351548 _d351548 |
||